00448nam a2200133Ia 4500003000400000008004100004040001600045082001700061100002400078245008700102700002500189260006500214650003500279GCL140319s9999 xx 000 0 eng d aGCL / cGCL04a005.133bS A1 aSAVITCH, WALTER. J.10aADO: AN INTRODUCTION TO THE ART AND SCIENCE OF PROGRAMMING / cSAVITCH, WALTER. J.1 aPETERSEN, CHARLES G. a[S.N] : bTHE BENJAMIN\ CUMMINGS PUBLISHING COMPAN ، c199204aADA COMPUTER PROGREMME LANGUAG